000 00528nam a2200193Ia 4500
005 20260120130511.0
008 008 260114s9999 xx 000 0 eng d
020 _a9780191718274
037 _aEBOOK
040 _aCRL
_beng
_cCRL
041 _aeng
_2eng
084 _qCRL
100 _aCanny
_9915758
245 0 _aMaking Ireland British, 1580-1650
260 _bOxford University PressOxford University Press
_c2010
856 _uhttps://academic.oup.com/book/9765
942 _cEBOOK
999 _c1507662
_d1507662